000 00581nmm a2200193Ia 4500
008 251105s9999||||xx |||||||||||||||||und||
020 _a9788416363797
041 _aspa
100 _aStradal, J. Ryan
245 0 _aEl festín de la vida
264 _a[Madrid, España] :
_bMaeva Ediciones,
_c[Fecha de publicación no identificada]
300 _a0 páginas
490 _aÉxitos literarios
650 _aNorth American narrative
700 _aStradal, J. Ryan
700 1 _a Murillo Fort, Isabel
856 _uhttps://public.digitaliapublishing.com/a/81770
942 _cCF
999 _c71779
_d71779